Quick Pick: British Overseas Territories Quiz Stats

 Plays Quiz Updated Jul 6, 2016

Challenge
Share
Tweet
Embed
Score 0/14 Timer 01:00
1 Play Today
% Correct
British Virgin Islands
90.9%
Falkland Islands
87.1%
Bermuda
82.5%
Gibraltar
78.2%
British Antarctic Territory
74.3%
British Indian Ocean Territory
72%
Cayman Islands
69.9%
% Correct
South Georgia and the South Sandwich Islands
61.3%
Turks and Caicos Islands
59.9%
Pitcairn Islands
58.4%
Saint Helena, Ascension and Tristan da Cunha
57.1%
Anguilla
56.9%
Montserrat
40.8%
Akrotiri and Dhekelia
35.9%

Today's Daily Dose

You're not logged in!

Compare scores with friends on all Sporcle quizzes.
Join for Free
OR
Log In

You Might Also Like...

Show Comments

Extras

Top Quizzes Today


Score Distribution

Your Account Isn't Verified!

In order to create a playlist on Sporcle, you need to verify the email address you used during registration. Go to your Sporcle Settings to finish the process.

Report this User

Report this user for behavior that violates our Community Guidelines.

Details: